Fichas en preparación para el libro rojo de la flora de Colombia (Registro nro. 3969)

Detalles MARC
000 -CABECERA
Campo de control 00692nam a2200193 a 4500
005 - FECHA Y HORA DE LA ULTIMA TRANSACCION
Campo de control 20200104041545.0
008 - ELEMENTOS DE LONGITUD FIJA—INFORMACION GENERAL
Campo de control 140122b xxu||||| |||| 00| 0 spa d
040 ## - FUENTE DE CATALOGACIÓN
Agencia transcriptora CO-BoIH
041 ## - IDIOMA
Código de idioma para texto/pista de sonido o título separado Español
044 ## - PAÍS DE PUBLICACIÓN
País de publicación Colombia
090 ## - CLASIFICACIÓN LOCAL
Colección IAVH
Consecutivo 00277
100 ## - ASIENTO PRINCIPAL--NOMBRE PERSONAL
Nombre personal Calderón, Eduardo
110 ## - ASIENTO PRINCIPAL--NOMBRE CORPORATIVO
Unidad subordinad Instituto de investigación de Recursos Biológicos Alexander von Humboldt
245 ## - MENCION DE TITULO
Título Fichas en preparación para el libro rojo de la flora de Colombia
Parte restante del título plantas fanerógamas, familia Chrysobalanaceae, Dichapetalaceae y Lecythidaceae: documento de trabajo
260 ## - PUBLICACION, DISTRIBUCION, ETC. (PIE DE IMPRENTA)
Lugar de publicación, distribución, etc. Bogotá
Nombre del editor, distribuidor, etc. Instituto Alexander von Humboldt
Fecha de publicación, distribución, etc. 2001
300 ## - DESCRIPCION FISICA
Extensión 108 p.
942 ## - ELEMENTOS ADICIONALES (KOHA)
Tipo de ítem Informe Técnico
Sistema de clasificación Local
Koha issues (borrowed), all copies 1
945 ## - PROCESAMIENTO LOCAL
AAAA-MM-DD - Fecha de ingreso o modificacion 2004-07-01
Existencias
Withdrawn status Lost status Sistema de Clasificación Damaged status No para préstamo Colección Ubicación Permanente Ubicación actual Fecha de adquisición Fuente de Valor Total Checkouts Número topográfico Inventario / Código de Barras Date last seen Date checked out Ejemplar Price effective from Forma de adquisición Tipo de material
    Local     General Villa de Leyva Villa de Leyva 01/07/2004 Calderón, Eduardo 1 IAVH-00277 015499 09/08/2024 19/07/2017 Ej. 1 04/12/2012   Informe Técnico